000 00551nam a2200205 a 4500
001 BRCA_4115
005 20190320204541.0
008 120410s1915----mx-#######---#000-0#spa-#
041 _aspa
044 _amx
050 4 _aPQ7297.I8
_b.F47 1915
100 1 _aFernández Granados, Enrique
_d1867-1920
_910644
245 1 0 _aFrondas de Italia
_btraducciones
_cEnrique Fernández Granados.
260 _aMéxico
_bM. Viamonte
_c1915
300 _a97 p.
_c15 cm.
500 _aC143
651 4 _aItalia
_xHistoria
_910645
902 _aGFM
942 _2lcc
_cB
999 _c3831
_d3831